| 000 | 00410cam a22001337a 4500 | ||
|---|---|---|---|
| 008 | 180718b1963 xxu||||| |||| 00| 0 eng d | ||
| 082 | _aT83 P3815 | ||
| 100 | _aPennathur, K. | ||
| 245 |
_aWork study: an approach to development techniques _cby K. Pennathur and Manmohan Singh |
||
| 260 |
_aNew Delhi _bThe Institution of Work Study _c1963 |
||
| 300 | _a63p. | ||
| 650 | _aWork study | ||
| 700 | _aSingh, Manmohan | ||
| 999 |
_c435166 _d435166 |
||